Madame bovary (Record no. 117515)

MARC details
000 -LEADER
fixed length control field 00355nam a2200145Ia 4500
008 - FIXED-LENGTH DATA ELEMENTS--GENERAL INFORMATION
fixed length control field 230917s9999||||xx |||||||||||||| ||und||
040 ## - CATALOGING SOURCE
-- 103841
Original cataloging agency VIVEKANANDA LIBRARY
041 ## - Language
-- English
082 ## - DDC NUMBER
Classification number 843 F617M
100 ## - MAIN ENTRY--PERSONAL NAME
Personal name Flaubert, Gustave
245 #0 - TITLE STATEMENT
Title Madame bovary
260 ## - PUBLICATION, DISTRIBUTION, ETC. (IMPRINT)
Place of publication, distribution, etc Hert for dshire
Name of publisher, distributor, etc Wordsworth Classics
Date of publication, distribution, etc 2001
300 ## - PHYSICAL DESCRIPTION
Pages 277p p.
942 ## - ADDED ENTRY ELEMENTS (KOHA)
Koha item type Books
Holdings
Withdrawn status Lost status Damaged status Not for loan Location (home branch) Sublocation or collection (holding branch) Date acquired Koha issues (times borrowed) Koha full call number Accession No. Koha date last seen Koha item type
        VIVEKANANDA LIBRARY VIVEKANANDA LIBRARY 27/09/2004   843 F617M 208556 17/09/2023 Books
        VIVEKANANDA LIBRARY VIVEKANANDA LIBRARY 27/09/2004   843 F617M 256154 17/09/2023 Books
        VIVEKANANDA LIBRARY VIVEKANANDA LIBRARY 27/09/2004   843 F617M 256155 17/09/2023 Books
        VIVEKANANDA LIBRARY VIVEKANANDA LIBRARY 27/09/2004   843 F617M 256194 17/09/2023 Books
        VIVEKANANDA LIBRARY VIVEKANANDA LIBRARY 27/09/2004   843 F617M 256195 17/09/2023 Books
        VIVEKANANDA LIBRARY VIVEKANANDA LIBRARY 27/09/2004   843 F617M 256872 17/09/2023 Books
        VIVEKANANDA LIBRARY VIVEKANANDA LIBRARY 27/09/2004   843 F617M 256873 17/09/2023 Books
        VIVEKANANDA LIBRARY VIVEKANANDA LIBRARY 27/09/2004   843 F617M 256874 17/09/2023 Books
        VIVEKANANDA LIBRARY VIVEKANANDA LIBRARY 27/09/2004   843 F617M 256875 17/09/2023 Books
        VIVEKANANDA LIBRARY VIVEKANANDA LIBRARY 27/09/2004   843 F617M 256876 17/09/2023 Books
© Designed and Maintained by Vivekananda Library, MDU Rohtak